000 00394nam a2200133Ia 4500
008 210430s9999 xx 000 0 und d
020 _a0-19-577447-7
082 _a355.0092 K451M
100 _aLt. Gen Gul Hassan Khan
_954608
245 _aMemoirs of Lt. Gen Gul Hassan Khan /
_cLt. Gen Gul Hassan Khan
260 _aOxford
_bOxford University press
_c1993
300 _a438
942 _cBK
_2ddc
999 _c565236
_d565236